The Grand Budapest Hotel Trivia - Statistics

General Stats
  • This quiz has been taken 28 times
  • The average score is 5 of 18
Answer Stats
Question Answer % Correct
What year was the film released? 2014
96%
In what year does M.Gustave steal the painting 'Boy with Apple'? 1932
46%
How many of Gustave's cell mates successfully escape prison? 3
46%
What shape birthmark does Agatha have, covering half her face? Mexico
42%
At the end of the film, who owns the Grand Budapest Hotel? Zero
42%
What author's writings inspired Wes Anderson's story for this film? Stefan Zweig
38%
What actor saves Zero and Gustave after the prison escape (taking them to the train station and providing them with L'Air de Panache)? Bill Murray
35%
In what fictional country is the film set? Zubrowka
35%
What is found in the back of the painting 'Boy with Apple'? Madame D's will
27%
What political group take-over the Grand Budapest Hotel? ZZ
23%
In what bakery does Agatha work? Mendel's
19%
What actor portrays the older Zero? F Murray Abraham
15%
What was the Author suffering from during his visit to the Grand Budapest? Scribe's Fever
15%
Who eventually kills Serge? Jopling
12%
How much of a tip does Madame.D leave Gustave when leaving the hotel? 1,000 klubecks
4%
What two winter Olympic sports are the chasing parties performing down the mountain? Bobsled & Skiing
4%
What mountain are Gustave and Zero told to meet Serge X? Gabelmeister's Peak
0%
Which other prisoner does Monsieur Gustave initially fight but then become friends with? Pinkie Bandinsky
0%
No matching quizzes found
Score Distribution
Percent of People with Each Score
Percentile by Number Answered
Your Score History
You have not taken this quiz